| 000 | 01324cam a22003014a 4500 | ||
|---|---|---|---|
| 999 |
_c332436 _d332436 |
||
| 001 | 13503897 | ||
| 003 | NUST | ||
| 005 | 20171206093050.0 | ||
| 008 | 040227s2004 gw a b 001 0 eng | ||
| 010 | _a 2004045276 | ||
| 020 | _a3540211012 (alk. paper) | ||
| 040 |
_aDLC _cDLC _dDLC |
||
| 042 | _apcc | ||
| 050 | 0 | 0 |
_aTD192.5 _b.B544 2004 |
| 082 | 0 | 0 |
_a628.55 SIN _222 |
| 245 | 0 | 0 |
_aBiodegradation and bioremediation / _cAjay Singh, Owen P. Ward (eds.). |
| 260 |
_aBerlin ; _aNew York : _bSpringer, _c2004. |
||
| 300 |
_axvii, 309 p. : _bill. ; _c25 cm. |
||
| 440 | 0 |
_aSoil biology, _x1613-3382 ; _v2 _96948 |
|
| 500 | _aH.B | ||
| 504 | _aIncludes bibliographical references and index. | ||
| 650 | 0 |
_aBioremediation. _96514 |
|
| 650 | 0 |
_aHazardous wastes _xBiodegradation. _96949 |
|
| 700 | 1 |
_aSingh, Ajay, _d1963- _96950 |
|
| 700 | 1 |
_aWard, Owen P., _d1947- _96951 |
|
| 856 | 4 | 2 |
_3Publisher description _uhttp://www.loc.gov/catdir/enhancements/fy0818/2004045276-d.html |
| 856 | 4 | 1 |
_3Table of contents only _uhttp://www.loc.gov/catdir/enhancements/fy0818/2004045276-t.html |
| 906 |
_a7 _bcbc _corignew _d1 _eocip _f20 _gy-gencatlg |
||
| 942 |
_2ddc _cBK _kIESE |
||